000 00942nam a2200229 a 4500
001 BRCA_4023
005 20190320204521.0
008 020210s1994----mx-a######---#000-0#spa-#
041 _aspa
044 _amx
050 4 _aTA479
_b.P47 1994
100 1 _aPerdigón Castañeda, Judith Katia
_910457
245 1 0 _aIdentificación y evaluación de metales arqueológicos
_b(coronas de monjas del siglo XIX del ex-convento de la encarnación).
260 _aCiudad de México
_c1994
300 _a87 p.
_bil.
502 _aTesis Licenciatura (Licenciado en Conservación y Restauración de Bienes Muebles) INAH, Escuela Nacional de Conservación, Restauración y Museografía Manuel del Castillo Negrete
650 1 4 _aMetales
_vAnálisis
_zMéxico
_910458
650 1 4 _aCoronas de monjas
_vEvaluación
_ySiglo XIX
_zMéxico
_910459
700 1 _aLedezma Díaz, María de la Gracia
_edirectora de tesis
_910460
902 _aTES
942 _2lcc
_cTES
999 _c3747
_d3747